000 00336 a2200157 4500
001 186050
020 _a0-19-422808-8
040 _cMagnum
100 _aFlinders, Steve
240 1 0 _aForty years of pop
_lING
245 1 0 _aForty years of pop
300 _a22
362 0 _a2001
697 _aLITERATURAS ESTRANGEIRAS
942 _cBK
999 _c186050
_d186050